000 00229nam a2200121Ia 4500
100 _a#N/A
942 _cBK
245 _aNISES Control System Engineering
260 _b#N/A
082 _b22327
546 _aENGLISH
999 _c18149
_d18149